| 000 | 00818nam a2200241 a 4500 | ||
|---|---|---|---|
| 001 | 57395 | ||
| 003 | BD-RjUL | ||
| 005 | 20211209080514.0 | ||
| 008 | 161208s1974 bg ||||| |||| 00| 0 ben d | ||
| 020 | _c: TK 12.50 | ||
| 035 | _a(BD-RjUL)57519 | ||
| 040 |
_aBD-RjUL _bben _cBD-RjUL |
||
| 041 | _aben | ||
| 082 |
_223 _a162 _bHUS 1974 |
||
| 100 |
_aহুদা, এম. _9170457 |
||
| 245 | 1 | 0 |
_aসহজ তর্কবিদ্যা প্রবেশিকা : _bঅবরোহ-Deductive / _cএম. হুদা |
| 250 | _a৯ম পরি. সং. | ||
| 260 |
_aঢাকা : _bমল্লিক ব্রাদার্স, _c১৯৭৪ |
||
| 300 |
_a৪৭০ পৃ. ; _c১৬ সেমি. |
||
| 650 |
_aঅবরোহ _9170458 |
||
| 650 |
_aDeductive _9170459 |
||
| 942 |
_2ddc _cBK |
||
| 999 |
_c57395 _d57395 |
||